000 02877nam0a2200433 4500
001 RU\NLR\BIBL_A\016253756
005 20230302155648.0
010 _a978-5-907594-01-2
_9300
021 _aRU
_bКН-П-22-088060
_9КН-П-22-7818
035 _a(NLR Aleph) 016253756
035 _a(RuMoRGB)011462279
090 _a12836089
_c12836089
100 _a20230111d2022 k y0rusy50 ca
101 0 _arus
102 _aRU
105 _aacb z 100zy
181 0 _ai
_baxxe
182 0 _an
200 1 _aЭндогенные природные катастрофы
_dEndogenous natural disasters
_eучебное пособие для обучающихся по направлению "Геология", "Прикладная геология", "Нефтегазовое дело" и специальностям "Геология", "Геофизика" и "Геология нефти и газа"
_fМ. Д. Хуторской, В. Ю. Керимов
_g[Российский государственный геологоразведочный университет имени Серго Орджоникидзе МГРИ]
_zeng
203 _aТекст
_bвизуальный
_cнепосредственный
210 _aМосква
_cМГРИ
_d2022
215 _a254, [1] с.
_cил., цв. ил., портр., карты, табл.
_d22
300 _aАвт. также на англ. яз.: M. D. Khutorskoy, V. Yu. Kerimov
300 _aНа 4-й с. обл. авт.: Хуторской М. Д., заслуж. деят. науки РФ, д-р геол.-минерал. наук, проф., акад. РАЕН, Керимов В. Ю. оглы, заслуж. геолог РФ, д-р геол.-минерал. наук, проф., акад. РАЕН
320 _aБиблиогр.: с. 248-253 (108 назв.) и в подстроч. примеч.
510 1 _6z11790
_aEndogenous natural disasters
_zeng
606 1 _aЭндогенные процессы (геол.)
_jУчебные издания для высших учебных заведений
_2nlr_sh1
_2nlr_sh2
_3RU\NLR\AUTH\66271414
606 1 _aСтихийные бедствия
_jУчебные издания для высших учебных заведений
_2nlr_sh1
_2nlr_sh2
_3RU\NLR\AUTH\66120484
675 _a504.4
_v4
686 1 _aД205я73
686 1 _aД381я73
700 1 _aХуторской
_bМ. Д.
_gМихаил Давыдович
701 1 _aКеримов
_bВ. Ю. оглы
_f1949-
_gВагиф Юнус оглы
_3RU\NLR\auth\7790235
790 1 _6z11
_aChutorskoj
_bM. D.
_cд-р геол.-минерал. наук
_gMichail Davydovič
_3RU\NLR\AUTH\770253112
790 1 _6z11
_6z11510
_aKerimov
_bV. J. ogly
_f1949-
_gVagif Junus ogly
_3RU\NLR\AUTH\770253113
942 _cBOOK
980 _aNB